000 00248nam a2200097Ia 4500
008 190216s9999||||xx |||||||||||||| ||und||
100 _aJohn A Stevens
245 0 _aEngineering Vidyarthikalk Oruvazhi Katy
260 _bKerala Basha Inst
942 _cBK
999 _c37786
_d37786